000 01230cam a22002535a 4500
001 L138865
008 070717s2007 xxk f 000 0 eng d
035 _a(Sirsi) u138865
041 0 _aeng
050 0 4 _a692.2 $2 18
110 2 _aRoyal Institution of Chartered Surveyors
_94900
245 0 0 _aEnergy performance of building directive (EPBD)
_bthe facts you need to know
_h[electronic resource]
260 _aLondon
_bRICS
_c2007
300 _a6p.
_c10x21cm.
520 _aLeaflet provides information on the requirements of the EU Energy Performance Buildings Directive (EPBD). These are given for both residential and commercial properties. Details the requirements for Energy Performance Certificates and Display Energy Certificates, who may produce them, and the situation in Scotland.
590 _aKA
650 2 4 _aDIRECTIVE 2002/91/EC
650 2 4 _aCOMMERCIAL ENERGY PERFORMANCE CERTIFICATES
650 2 4 _aRESIDENTIAL ENERGY PERFORMANCE CERTIFICATES
651 4 _aUnited Kingdom
_y
690 _aENVIRONMENTAL AND LAND CONSULTANCY-ENERGY-ENERGY USE-ENERGY EFFICIENCY
856 4 1 _zView the item free of charge at www.rics.org...
942 _n0
999 _c107264
_d107264